000 00315nam a2200145Ia 4500
003 OSt
008 191201s2018 xx 000 0 und d
082 _a004.678
_bHAI
100 _aHANES, David
245 0 _aIOT Fundamentals
260 _bPearson
_c2018
300 _a543
650 _aB.Tech(CSE)
942 _2ddc
_cBK
999 _c7119
_d7119